| 000 | 00402nam a22001337a 4500 | ||
|---|---|---|---|
| 040 | _cNUST | ||
| 082 | _a200 THE | ||
| 100 |
_aMomina Nasar _991234 |
||
| 110 |
_aSupervisor Dr. Wasi Haider _991235 |
||
| 245 | _aTH-SOF-1985-Automated Duplicate Defect Detection for Bug Tracking Systems | ||
| 260 |
_aISLAMABAD: _bNUST COLLEGE OF EME, _c2022. |
||
| 650 | _aMS-COMPUTER ENGINEERING-19 | ||
| 942 |
_2ddc _cTHE |
||
| 999 |
_c589413 _d589413 |
||